00350nam a2200133Ia 4500100001700000650001400017366000700031654001500038245010200053260001600155082001400171300000800185546002300193 aFranks/Bill  aAnalytics f20 atidal wave aTaming the Big Data Tidal wave:Finding oppurtunities in Huge Data streams with Advanced analytics bWileyc2012 a5.73bFRA a304 aENGLISHcComputers